Basics of stomatology for foreign students

Bibliographic Details
Main Authors: Kotráň, Milan, 1950- (Author), Markovská, Neda (Author)
Format: Book
Language:English
PhysicalDescription:102 s. sch. 24 cm
Published: Košice TRANOX-NMP 1996
ISBN:8096751425
Subjects:

MARC

LEADER 00000nam a2200000 a 4500
001 vtls001289487
003 SK-MaSNL
005 20260301113515.0
008 240315s1996 xo r 0 eng
015 |a SNBA1997/1003004 
020 |a 8096751425 
035 |a SNK000241109 
035 |a urn:nbn:sk:snk-amkgdz 
035 |a urn:nbn:sk:snk-am003c70 
035 |a 4AB30D14-E7CF-43FA-9877-CEE1F4BDA4A3 
040 |a SNK  |b slo  |c SNK  |e AACR2 
041 0 |a eng 
044 |a xo  |c SK 
080 |a 616.31(075.8)=20  |2 1981 
100 1 |a Kotráň, Milan,  |d 1950-  |4 aut  |9 218257 
245 1 0 |a Basics of stomatology  |b for foreign students  |c Milan Kotráň, Neda Markovská 
260 |a Košice  |b TRANOX-NMP  |c 1996 
300 |a 102 s.  |b sch.  |c 24 cm 
500 |a Vyd. pre LF UPJŠ Košice 
650 0 7 |a stomatológia  |2 SNK  |9 917 
655 7 |a učebnice vysokých škôl  |2 SNKPH  |9 70191 
700 1 |a Markovská, Neda  |4 aut  |9 376884 
710 0 |a Univerzita Pavla Jozefa Šafárika v Košiciach.  |b Lekárska fakulta  |4 pbl  |9 118212 
919 |a 80-967514-2-5 
958 |a OND 
958 |a TL 
958 |a UV 
999 |c 714484  |d 716414 
952 |t P60, <09>, [BOOK], {629}  |a SNK  |b SNK  |y NEVYP  |7 0  |o snkC 1387  |i snk2631/970610  |0 0  |1 0  |4 0  |d 1997-06-10  |l 0  |r 2005-01-02 00:00:00  |w 2026-02-23 
952 |t P60, <03>, [BOOK], {603}  |a SNK  |b SNK  |y PREZ  |7 0  |p 17A0072982  |o snkSC 93290  |i snkKSP 5810/97  |0 0  |1 0  |4 0  |d 1997-06-10  |f 1  |l 0  |r 2025-09-11 00:00:00  |w 2026-02-23 
952 |t P60, <04>, [BOOK], {604}  |a SNK  |b SNK  |y VYP  |7 0  |p 17A0072981  |o snkSC 93290 D1  |i snkKSP 5811/97  |0 0  |1 0  |4 0  |d 1997-06-10  |l 0  |r 2005-01-02 00:00:00  |w 2026-02-23